书目信息 |
| 题名: |
关税与贸易总协定
|
|
| 作者: | 曹建明 撰稿 | |
| 分册: | ||
| 出版信息: | 北京 法律出版社 1994.5 |
|
| 页数: | 322页 | |
| 开本: | 20cm | |
| 丛书名: | ||
| 单 册: | ||
| 中图分类: | F744 | |
| 科图分类: | 29.447 | |
| 主题词: | 关税和贸易总协定--高等学校--教材 | |
| 电子资源: | ||
| ISBN: | 7-5036-1144-8 | |
| 000 | 00771nam0 2200253 45 | |
| 001 | 0194027125 | |
| 005 | 20070723162742.81 | |
| 010 | @a7-5036-1144-8@dCNY8.30 | |
| 100 | @a19940713d1994 em y0chiy0121 ea | |
| 101 | 0 | @achi |
| 102 | @aCN@b110000 | |
| 105 | @ay z 000yy | |
| 200 | 10 | @a关税与贸易总协定@AGUAN SHUI YU MAO YI ZONG XIE DING@f曹建明等撰稿@FCAO JIAN MING DENG ZHUAN GAO |
| 210 | @a北京@c法律出版社@d1994.5 | |
| 215 | @a322页@d20cm | |
| 300 | @a高等学校国际经济法教材 | |
| 304 | @a曹建明(1955- ),华东政法学院教授、国际法系主任 | |
| 540 | 1 | @a关贸@AGUAN MAO |
| 606 | @a关税和贸易总协定@x高等学校@x教材 | |
| 690 | @aF744@v三版 | |
| 692 | @a29.447 | |
| 701 | 0 | @a曹建明@ACAO JIAN MING@4撰稿 |
| 801 | 0 | @aCN@bTSSF@c20070723 |
| 905 | @a10447@dF744@e89 | |
| 关税与贸易总协定/曹建明等撰稿.-北京:法律出版社,1994.5 |
| 322页;20cm |
| 高等学校国际经济法教材 |
| ISBN 7-5036-1144-8:CNY8.30 |
| ● |
| 相关链接 |
|
|
|
|
正题名:关税与贸易总协定
索取号:F744/89
 
预约/预借
| 序号 | 登录号 | 条形码 | 馆藏地/架位号 | 状态 | 备注 |
| 1 | 0770113 | 207701138 | 第一样本阅览室/ [索取号:F744/89] | 在馆 |